000
00203nam a22000857a 4500
008
161205b xxu||||| |||| 00| 0 eng d
100
_9
1801
_a
Olympiad
245
_a
Science-4
260
_a
New Delhi
_b
3 Genx
_c
2016
999
_c
4525
_d
4525